[Event "English Womens Championships 2024"]
[Site "Kenilworth, United Kingdom"]
[Date "2024.06.23"]
[Round "7.3"]
[White "Maton, Emily"]
[Black "Dicen, Elis Denele"]
[Result "1/2-1/2"]
[TimeControl "G:90 minutes + 30 seconds added per move"]
[WhiteFideId "343120293"]
[BlackFideId "462560"]
[WhiteElo "1970"]
[BlackElo "2073"]

1. d4 {[%clk 01:30:59]} d5 {[%clk 01:30:55]} {[%emt 00:00:06]} 2. c4 {[%clk
01:31:25]} {[%emt 00:00:03]} dxc4 {[%clk 01:31:19]} {[%emt 00:00:06]} 3. e4
{[%clk 01:31:52]} {[%emt 00:00:04]} e5 {[%clk 01:31:37]} {[%emt 00:00:12]} 4.
d5 {[%clk 01:30:43]} {[%emt 00:01:38]} Nf6 {[%clk 01:31:40]} {[%emt 00:00:27]}
5. Qa4+ {[%clk 01:29:45]} {[%emt 00:01:29]} c6 {[%clk 01:28:26]} {[%emt
00:03:43]} 6. dxc6 {[%clk 01:25:45]} {[%emt 00:04:29]} Nxc6 {[%clk 01:28:40]}
{[%emt 00:00:17]} 7. Bxc4 {[%clk 01:06:52]} {[%emt 00:19:23]} Bd7 {[%clk
01:24:39]} {[%emt 00:04:31]} 8. Nf3 {[%clk 00:53:29]} {[%emt 00:13:53]} Bd6
{[%clk 01:16:01]} {[%emt 00:09:08]} 9. Qd1 {[%clk 00:49:55]} {[%emt 00:04:04]}
Bg4 {[%clk 01:12:34]} {[%emt 00:03:58]} 10. Nc3 {[%clk 00:46:51]} {[%emt
00:03:33]} O-O {[%clk 01:09:02]} {[%emt 00:04:02]} 11. O-O {[%clk 00:43:51]}
{[%emt 00:03:31]} Rc8 {[%clk 01:05:25]} {[%emt 00:04:07]} 12. Bg5 {[%clk
00:40:20]} {[%emt 00:04:00]} Bxf3 {[%clk 00:57:07]} {[%emt 00:08:48]} 13. Qxf3
{[%clk 00:37:07]} {[%emt 00:03:44]} Nd4 {[%clk 00:57:12]} {[%emt 00:00:25]} 14.
Qd3 {[%clk 00:37:29]} {[%emt 00:00:07]} h6 {[%clk 00:54:04]} {[%emt 00:03:39]}
15. Bh4 {[%clk 00:35:07]} {[%emt 00:02:50]} Be7 {[%clk 00:52:49]} {[%emt
00:01:47]} 16. Bxf6 {[%clk 00:32:08]} {[%emt 00:03:29]} Bxf6 {[%clk 00:52:41]}
{[%emt 00:00:39]} 17. Nb5 {[%clk 00:29:53]} {[%emt 00:02:44]} Nxb5 {[%clk
00:48:05]} {[%emt 00:05:06]} 18. Qxd8 {[%clk 00:26:52]} {[%emt 00:03:31]} Rfxd8
{[%clk 00:48:20]} {[%emt 00:00:15]} 19. Bxb5 {[%clk 00:27:18]} {[%emt
00:00:04]} a6 {[%clk 00:44:24]} {[%emt 00:04:26]} 20. Ba4 {[%clk 00:26:17]}
{[%emt 00:01:31]} Rc4 {[%clk 00:42:40]} {[%emt 00:02:14]} 21. Bb3 {[%clk
00:26:43]} {[%emt 00:00:05]} Rxe4 {[%clk 00:42:04]} {[%emt 00:01:05]} 22. Rac1
{[%clk 00:26:09]} {[%emt 00:01:03]} Red4 {[%clk 00:40:13]} {[%emt 00:02:22]} 23.
Rfd1 {[%clk 00:23:58]} {[%emt 00:02:40]} R8d7 {[%clk 00:32:30]} {[%emt
00:08:13]} 24. Kf1 {[%clk 00:19:57]} {[%emt 00:04:29]} Kf8 {[%clk 00:31:23]}
{[%emt 00:01:39]} 25. Ke2 {[%clk 00:18:51]} {[%emt 00:01:36]} Rxd1 {[%clk
00:29:26]} {[%emt 00:02:27]} 26. Rxd1 {[%clk 00:19:15]} {[%emt 00:00:07]} Rc7
{[%clk 00:29:01]} {[%emt 00:00:55]} 27. Rd2 {[%clk 00:18:47]} {[%emt 00:00:58]}
Be7 {[%clk 00:26:03]} {[%emt 00:03:27]} 28. Rc2 {[%clk 00:18:20]} {[%emt
00:00:56]} Bc5 {[%clk 00:25:50]} {[%emt 00:00:44]} 29. Bd5 {[%clk 00:17:35]}
{[%emt 00:01:14]} b6 {[%clk 00:23:51]} {[%emt 00:02:30]} 30. b4 {[%clk
00:16:05]} {[%emt 00:02:00]} Bd6 {[%clk 00:23:12]} {[%emt 00:01:08]} 31. Rxc7
{[%clk 00:16:29]} {[%emt 00:00:07]} Bxc7 {[%clk 00:23:37]} {[%emt 00:00:06]} 32.
Bb7 {[%clk 00:16:51]} {[%emt 00:00:08]} a5 {[%clk 00:23:56]} {[%emt 00:00:10]}
33. bxa5 {[%clk 00:17:19]} {[%emt 00:00:02]} bxa5 {[%clk 00:24:19]} {[%emt
00:00:07]} 34. Kd3 {[%clk 00:17:20]} {[%emt 00:00:30]} Ke7 {[%clk 00:24:05]}
{[%emt 00:00:43]} 35. Ke4 {[%clk 00:17:07]} {[%emt 00:00:43]} g6 {[%clk
00:22:16]} {[%emt 00:02:19]} 36. g4 {[%clk 00:15:01]} {[%emt 00:02:36]} Kf6
{[%clk 00:21:32]} {[%emt 00:01:14]} 37. h4 {[%clk 00:15:04]} {[%emt 00:00:27]}
h5 {[%clk 00:19:47]} {[%emt 00:02:15]} 38. gxh5 {[%clk 00:13:55]} {[%emt
00:01:39]} gxh5 {[%clk 00:20:08]} {[%emt 00:00:08]} 39. Ba6 {[%clk 00:13:33]}
{[%emt 00:00:53]} Kg6 {[%clk 00:17:16]} {[%emt 00:03:22]} 40. Kf3 {[%clk
00:13:22]} {[%emt 00:00:41]} Bd8 {[%clk 00:16:00]} {[%emt 00:01:47]} 41. Kg3
{[%clk 00:13:46]} {[%emt 00:00:06]} Be7 {[%clk 00:15:46]} {[%emt 00:00:44]} 42.
Bb5 {[%clk 00:12:21]} {[%emt 00:01:54]} f5 {[%clk 00:15:30]} {[%emt 00:00:46]}
43. Be8+ {[%clk 00:11:43]} {[%emt 00:01:08]} Kh6 {[%clk 00:15:51]} {[%emt
00:00:09]} 44. f4 {[%clk 00:07:04]} {[%emt 00:05:09]} Bd6 {[%clk 00:13:27]}
{[%emt 00:02:55]} 45. fxe5 {[%clk 00:05:03]} {[%emt 00:02:31]} Bxe5+ {[%clk
00:13:50]} {[%emt 00:00:07]} 46. Kf3 {[%clk 00:05:30]} {[%emt 00:00:03]} Bd6
{[%clk 00:13:35]} {[%emt 00:00:45]} 47. Bd7 {[%clk 00:05:28]} {[%emt 00:00:32]}
Be7 {[%clk 00:11:13]} {[%emt 00:02:53]} 48. Bxf5 {[%clk 00:05:24]} {[%emt
00:00:33]} Bxh4 {[%clk 00:10:54]} {[%emt 00:00:49]} 49. Be6 {[%clk 00:05:41]}
{[%emt 00:00:14]} Kg5 {[%clk 00:11:17]} {[%emt 00:00:06]} 50. Kg2 {[%clk
00:06:03]} {[%emt 00:00:08]} Be1 {[%clk 00:11:39]} {[%emt 00:00:08]} 51. Bb3
{[%clk 00:06:23]} {[%emt 00:00:10]} Kg4 {[%clk 00:11:54]} {[%emt 00:00:15]} 52.
Be6+ {[%clk 00:06:41]} {[%emt 00:00:12]} Kh4 {[%clk 00:12:09]} {[%emt
00:00:14]} 53. Bb3 {[%clk 00:07:04]} {[%emt 00:00:08]} Bb4 {[%clk 00:12:32]}
{[%emt 00:00:07]} 54. Be6 {[%clk 00:07:24]} {[%emt 00:00:10]} Kg5 {[%clk
00:12:55]} {[%emt 00:00:07]} 55. Bb3 {[%clk 00:07:49]} {[%emt 00:00:05]} h4
{[%clk 00:13:14]} {[%emt 00:00:11]} 56. Kh3 {[%clk 00:08:10]} {[%emt 00:00:09]}
Be1 {[%clk 00:13:38]} {[%emt 00:00:06]} 57. Bc4 {[%clk 00:08:36]} {[%emt
00:00:04]} Kf4 {[%clk 00:14:02]} {[%emt 00:00:06]} 58. Bb3 {[%clk 00:09:01]}
{[%emt 00:00:06]} Ke3 {[%clk 00:14:06]} {[%emt 00:00:25]} 59. Bg8 {[%clk
00:09:23]} {[%emt 00:00:08]} Kd2 {[%clk 00:14:24]} {[%emt 00:00:12]} 60. Bf7
{[%clk 00:09:46]} {[%emt 00:00:07]} Kc2 {[%clk 00:14:44]} {[%emt 00:00:11]} 61.
Bg8 {[%clk 00:10:12]} {[%emt 00:00:03]} a4 {[%clk 00:15:05]} {[%emt 00:00:09]}
62. Bf7 {[%clk 00:10:36]} {[%emt 00:00:06]} a3 {[%clk 00:15:24]} {[%emt
00:00:12]} 63. Bb3+ {[%clk 00:11:00]} {[%emt 00:00:05]} Kc3 {[%clk 00:15:44]}
{[%emt 00:00:09]} 64. Bg8 {[%clk 00:11:26]} {[%emt 00:00:05]} Kd4 {[%clk
00:16:04]} {[%emt 00:00:09]} 1/2-1/2

[Event "English Womens Championships 2024"]
[Site "Kenilworth, United Kingdom"]
[Date "2024.06.23"]
[Round "7.4"]
[White "Latypova, Olga L"]
[Black "Rida, Ruqayyah"]
[Result "0-1"]
[TimeControl "G:90 minutes + 30 seconds added per move"]
[WhiteFideId "472476"]
[BlackFideId "343272375"]
[WhiteElo "1827"]
[BlackElo "1962"]

1. e4 {[%clk 01:30:55]} {[%emt 00:00:04]} e5 {[%clk 01:30:55]} {[%emt
00:00:06]} 2. Nf3 {[%clk 01:31:10]} {[%emt 00:00:14]} Nc6 {[%clk 01:31:19]}
{[%emt 00:00:07]} 3. Bc4 {[%clk 01:31:24]} {[%emt 00:00:15]} Bc5 {[%clk
01:31:44]} {[%emt 00:00:06]} 4. d3 {[%clk 01:31:36]} {[%emt 00:00:17]} Nf6
{[%clk 01:32:07]} {[%emt 00:00:08]} 5. Nc3 {[%clk 01:31:42]} {[%emt 00:00:24]}
a6 {[%clk 01:32:09]} {[%emt 00:00:28]} 6. Nd5 {[%clk 01:31:33]} {[%emt
00:00:39]} h6 {[%clk 01:32:18]} {[%emt 00:00:22]} 7. c3 {[%clk 01:31:18]}
{[%emt 00:00:44]} d6 {[%clk 01:32:14]} {[%emt 00:00:34]} 8. b4 {[%clk
01:29:44]} {[%emt 00:02:03]} Ba7 {[%clk 01:31:30]} {[%emt 00:01:15]} 9. O-O
{[%clk 01:28:21]} {[%emt 00:01:53]} O-O {[%clk 01:31:14]} {[%emt 00:00:46]} 10.
h3 {[%clk 01:26:00]} {[%emt 00:02:50]} Be6 {[%clk 01:30:48]} {[%emt 00:00:57]}
11. Nxf6+ {[%clk 01:23:10]} {[%emt 00:03:21]} Qxf6 {[%clk 01:31:07]} {[%emt
00:00:10]} 12. Bb3 {[%clk 01:23:10]} {[%emt 00:00:30]} Rad8 {[%clk 01:30:22]}
{[%emt 00:01:15]} 13. a4 {[%clk 01:22:23]} {[%emt 00:01:17]} d5 {[%clk
01:23:48]} {[%emt 00:07:05]} 14. exd5 {[%clk 01:14:25]} {[%emt 00:08:27]} Bxd5
{[%clk 01:23:37]} {[%emt 00:00:41]} 15. Bxd5 {[%clk 01:14:20]} {[%emt
00:00:36]} Rxd5 {[%clk 01:23:29]} {[%emt 00:00:37]} 16. Qe2 {[%clk 01:13:56]}
{[%emt 00:00:53]} Rfd8 {[%clk 01:22:56]} {[%emt 00:01:04]} 17. b5 {[%clk
01:11:07]} {[%emt 00:03:19]} Ne7 {[%clk 01:19:50]} {[%emt 00:03:35]} 18. Bb2
{[%clk 01:09:57]} {[%emt 00:01:40]} Ng6 {[%clk 01:15:33]} {[%emt 00:04:48]} 19.
d4 {[%clk 01:07:16]} {[%emt 00:03:11]} Nf4 {[%clk 01:12:57]} {[%emt 00:03:06]}
20. Qe4 {[%clk 01:06:42]} {[%emt 00:01:04]} exd4 {[%clk 01:12:19]} {[%emt
00:01:08]} 21. cxd4 {[%clk 01:06:45]} {[%emt 00:00:27]} axb5 {[%clk 01:11:32]}
{[%emt 00:01:18]} 22. axb5 {[%clk 00:53:00]} {[%emt 00:14:15]} Bb6 {[%clk
01:09:11]} {[%emt 00:02:51]} 23. Ba3 {[%clk 00:50:06]} {[%emt 00:03:24]} Ne6
{[%clk 01:06:10]} {[%emt 00:03:31]} 24. Rab1 {[%clk 00:46:27]} {[%emt
00:04:09]} Bxd4 {[%clk 00:58:13]} {[%emt 00:08:27]} 25. Nxd4 {[%clk 00:44:18]}
{[%emt 00:02:39]} Qxd4 {[%clk 00:58:11]} {[%emt 00:00:33]} 26. Qc2 {[%clk
00:40:01]} {[%emt 00:04:45]} Qf4 {[%clk 00:47:19]} {[%emt 00:11:22]} 27. Bc1
{[%clk 00:36:43]} {[%emt 00:03:48]} Qd6 {[%clk 00:42:54]} {[%emt 00:04:56]} 28.
Be3 {[%clk 00:35:23]} {[%emt 00:01:49]} b6 {[%clk 00:36:19]} {[%emt 00:07:06]}
29. Rfc1 {[%clk 00:33:06]} {[%emt 00:02:46]} Rd7 {[%clk 00:31:16]} {[%emt
00:05:34]} 30. Qa4 {[%clk 00:30:27]} {[%emt 00:03:09]} Rd8 {[%clk 00:26:29]}
{[%emt 00:05:17]} 31. Qa7 {[%clk 00:25:44]} {[%emt 00:05:12]} Qe5 {[%clk
00:23:10]} {[%emt 00:03:50]} 32. Qa4 {[%clk 00:22:04]} {[%emt 00:04:09]} R8d7
{[%clk 00:22:12]} {[%emt 00:01:28]} 33. Rb4 {[%clk 00:15:42]} {[%emt 00:06:51]}
Kh7 {[%clk 00:17:33]} {[%emt 00:05:10]} 34. Qc2+ {[%clk 00:08:48]} {[%emt
00:07:24]} Qf5 {[%clk 00:16:44]} {[%emt 00:01:19]} 35. Qa4 {[%clk 00:08:01]}
{[%emt 00:01:16]} Qd3 {[%clk 00:15:11]} {[%emt 00:02:04]} 36. Rbc4 {[%clk
00:07:01]} {[%emt 00:01:28]} Qf5 {[%clk 00:12:28]} {[%emt 00:03:15]} 37. Rb4
{[%clk 00:06:55]} {[%emt 00:00:36]} Re5 {[%clk 00:12:02]} {[%emt 00:00:56]} 38.
Qb3 {[%clk 00:04:57]} {[%emt 00:02:28]} Qd3 {[%clk 00:10:40]} {[%emt 00:01:52]}
39. Qb2 {[%clk 00:04:48]} {[%emt 00:00:36]} Rdd5 {[%clk 00:08:11]} {[%emt
00:03:00]} 40. Rb1 {[%clk 00:03:19]} {[%emt 00:01:59]} Nc5 {[%clk 00:05:10]}
{[%emt 00:03:32]} 41. Bd4 {[%clk 00:01:10]} {[%emt 00:02:38]} Rg5 {[%clk
00:04:32]} {[%emt 00:01:09]} 42. Be3 {[%clk 00:01:17]} {[%emt 00:00:22]} Rge5
{[%clk 00:03:04]} {[%emt 00:01:59]} 43. Rc1 {[%clk 00:01:03]} {[%emt 00:00:44]}
Qf5 {[%clk 00:02:16]} {[%emt 00:01:19]} 44. Bd4 {[%clk 00:00:53]} {[%emt
00:00:39]} Nd3 {[%clk 00:02:09]} {[%emt 00:00:37]} 45. Qd2 {[%clk 00:00:51]}
{[%emt 00:00:31]} Nxb4 {[%clk 00:01:59]} {[%emt 00:00:40]} 46. Qxb4 {[%clk
00:01:03]} {[%emt 00:00:19]} Re4 {[%clk 00:01:49]} {[%emt 00:00:40]} 47. Rd1
{[%clk 00:01:15]} {[%emt 00:00:16]} Qe5 {[%clk 00:01:43]} {[%emt 00:00:37]} 48.
Qb1 {[%clk 00:01:06]} {[%emt 00:00:39]} Rdxd4 {[%clk 00:02:05]} {[%emt
00:00:09]} 0-1

[Event "English Womens Championships 2024"]
[Site "Kenilworth, United Kingdom"]
[Date "2024.06.23"]
[Round "7.5"]
[White "Hariharan, Shambavi"]
[Black "Hardwick, Alexandra"]
[Result "1/2-1/2"]
[TimeControl "G:90 minutes + 30 seconds added per move"]
[WhiteFideId "488160"]
[BlackFideId "422355"]
[WhiteElo "1900"]
[BlackElo "1813"]

1. d4 {[%clk 01:30:56]} {[%emt 00:00:04]} Nf6 {[%clk 01:30:48]} {[%emt
00:00:11]} 2. Nf3 {[%clk 01:31:20]} {[%emt 00:00:06]} c5 {[%clk 01:31:14]}
{[%emt 00:00:05]} 3. d5 {[%clk 01:31:40]} {[%emt 00:00:10]} d6 {[%clk
01:30:49]} {[%emt 00:00:54]} 4. c4 {[%clk 01:31:53]} {[%emt 00:00:18]} b5
{[%clk 01:31:13]} {[%emt 00:00:06]} 5. cxb5 {[%clk 01:31:47]} {[%emt 00:00:36]}
a6 {[%clk 01:31:42]} 6. bxa6 {[%clk 01:32:03]} {[%emt 00:00:13]} Bxa6 {[%clk
01:32:09]} {[%emt 00:00:03]} 7. Nc3 {[%clk 01:32:24]} {[%emt 00:00:10]} g6
{[%clk 01:32:30]} {[%emt 00:00:08]} 8. e4 {[%clk 01:32:40]} {[%emt 00:00:15]}
Bxf1 {[%clk 01:32:17]} {[%emt 00:00:43]} 9. Kxf1 {[%clk 01:33:05]} {[%emt
00:00:05]} Bg7 {[%clk 01:32:42]} {[%emt 00:00:05]} 10. g3 {[%clk 01:33:11]}
{[%emt 00:00:23]} O-O {[%clk 01:33:07]} {[%emt 00:00:04]} 11. Kg2 {[%clk
01:32:17]} {[%emt 00:01:24]} Nbd7 {[%clk 01:30:52]} {[%emt 00:02:46]} 12. Qc2
{[%clk 01:30:14]} {[%emt 00:02:33]} Qb6 {[%clk 01:30:44]} {[%emt 00:00:39]} 13.
b3 {[%clk 01:26:51]} {[%emt 00:03:54]} Nxe4 {[%clk 01:29:00]} {[%emt 00:02:14]}
14. Bb2 {[%clk 01:17:00]} {[%emt 00:10:21]} Nxc3 {[%clk 01:28:26]} {[%emt
00:01:04]} 15. Bxc3 {[%clk 01:17:23]} {[%emt 00:00:06]} Nf6 {[%clk 01:28:48]}
{[%emt 00:00:08]} 16. Rhd1 {[%clk 01:14:20]} {[%emt 00:03:33]} Qb7 {[%clk
01:24:57]} {[%emt 00:04:22]} 17. Qd3 {[%clk 01:13:23]} {[%emt 00:01:27]} Qa6
{[%clk 01:25:16]} {[%emt 00:00:10]} 18. Qc2 {[%clk 01:07:44]} {[%emt 00:06:09]}
Qb7 {[%clk 01:25:22]} {[%emt 00:00:25]} 19. Qd3 {[%clk 01:03:13]} {[%emt
00:05:02]} Qa6 {[%clk 01:25:44]} {[%emt 00:00:07]} 20. Qc2 {[%clk 00:38:37]}
{[%emt 00:25:05]} 1/2-1/2

[Event "English Womens Championships 2024"]
[Site "Kenilworth, United Kingdom"]
[Date "2024.06.23"]
[Round "7.6"]
[White "Longson, Sarah N"]
[Black "Fernando, Manel"]
[Result "1-0"]
[TimeControl "G:90 minutes + 30 seconds added per move"]
[WhiteFideId "2501465"]
[BlackFideId "439606"]
[WhiteElo "1981"]
[BlackElo "1725"]

1. e4 {[%clk 01:30:59]} e5 {[%clk 01:30:51]} {[%emt 00:00:09]} 2. Nf3 {[%clk
01:31:27]} {[%emt 00:00:03]} Nf6 {[%clk 01:31:05]} {[%emt 00:00:15]} 3. Nxe5
{[%clk 01:31:50]} {[%emt 00:00:07]} d6 {[%clk 01:30:57]} {[%emt 00:00:38]} 4.
Nf3 {[%clk 01:32:16]} {[%emt 00:00:04]} Nxe4 {[%clk 01:30:55]} {[%emt
00:00:32]} 5. Nc3 {[%clk 01:32:39]} {[%emt 00:00:07]} Nxc3 {[%clk 01:29:52]}
{[%emt 00:01:33]} 6. dxc3 {[%clk 01:32:58]} {[%emt 00:00:12]} Be7 {[%clk
01:29:48]} {[%emt 00:00:33]} 7. Bd3 {[%clk 01:32:22]} {[%emt 00:01:06]} Nd7
{[%clk 01:29:31]} {[%emt 00:00:47]} 8. Bf4 {[%clk 01:31:30]} {[%emt 00:01:22]}
O-O {[%clk 01:25:56]} {[%emt 00:04:06]} 9. Qd2 {[%clk 01:31:21]} {[%emt
00:00:38]} Nc5 {[%clk 01:25:51]} {[%emt 00:00:34]} 10. O-O-O {[%clk 01:28:05]}
{[%emt 00:03:47]} a6 {[%clk 01:25:44]} {[%emt 00:00:38]} 11. Kb1 {[%clk
01:23:43]} {[%emt 00:04:52]} Nxd3 {[%clk 01:25:18]} {[%emt 00:00:56]} 12. Qxd3
{[%clk 01:24:08]} {[%emt 00:00:05]} Bg4 {[%clk 01:25:02]} {[%emt 00:00:45]} 13.
h3 {[%clk 01:21:51]} {[%emt 00:02:48]} Bh5 {[%clk 01:13:44]} {[%emt 00:00:05]}
14. g4 {[%clk 01:22:00]} {[%emt 00:12:03]} Bg6 {[%clk 01:14:09]} {[%emt
00:00:06]} 15. Qc4 {[%clk 01:21:23]} {[%emt 00:01:07]} b5 {[%clk 01:14:04]}
{[%emt 00:00:34]} 16. Qc6 {[%clk 01:18:02]} {[%emt 00:03:52]} f6 {[%clk
01:13:40]} {[%emt 00:00:53]} 17. Nd4 {[%clk 01:16:33]} {[%emt 00:01:59]} Be8
{[%clk 01:10:56]} {[%emt 00:03:14]} 18. Qe4 {[%clk 01:11:24]} {[%emt 00:05:39]}
Bg6 {[%clk 01:10:08]} {[%emt 00:01:18]} 19. Qc6 {[%clk 01:10:54]} {[%emt
00:01:01]} Be8 {[%clk 01:10:27]} {[%emt 00:00:10]} 20. Qf3 {[%clk 01:11:21]}
{[%emt 00:00:02]} Bd7 {[%clk 01:08:19]} {[%emt 00:02:39]} 21. Qd5+ {[%clk
01:10:05]} {[%emt 00:01:46]} Kh8 {[%clk 01:05:29]} {[%emt 00:03:20]} 22. Rhe1
{[%clk 01:09:38]} {[%emt 00:00:58]} Rc8 {[%clk 01:01:14]} {[%emt 00:04:45]} 23.
Nc6 {[%clk 01:09:10]} {[%emt 00:00:58]} Bxc6 {[%clk 01:01:06]} {[%emt
00:00:38]} 24. Qxc6 {[%clk 01:09:38]} {[%emt 00:00:02]} f5 {[%clk 00:56:30]}
{[%emt 00:05:05]} 25. gxf5 {[%clk 00:54:41]} {[%emt 00:15:28]} Rxf5 {[%clk
00:56:52]} {[%emt 00:00:07]} 26. Bg3 {[%clk 00:54:57]} {[%emt 00:00:14]} a5
{[%clk 00:56:23]} {[%emt 00:00:59]} 27. Qe4 {[%clk 00:54:21]} {[%emt 00:01:05]}
Rf7 {[%clk 00:56:21]} {[%emt 00:00:33]} 28. Qd5 {[%clk 00:54:18]} {[%emt
00:00:33]} Qe8 {[%clk 00:55:23]} {[%emt 00:01:28]} 29. Re2 {[%clk 00:47:03]}
{[%emt 00:07:45]} c6 {[%clk 00:55:38]} {[%emt 00:00:15]} 30. Qe6 {[%clk
00:47:20]} {[%emt 00:00:13]} Qf8 {[%clk 00:55:29]} {[%emt 00:00:40]} 31. Rde1
{[%clk 00:46:15]} {[%emt 00:01:35]} Rd8 {[%clk 00:54:38]} {[%emt 00:01:21]} 32.
c4 {[%clk 00:34:54]} {[%emt 00:11:52]} b4 {[%clk 00:48:34]} {[%emt 00:06:34]}
33. Rd1 {[%clk 00:32:35]} {[%emt 00:02:49]} h6 {[%clk 00:48:19]} {[%emt
00:00:44]} 34. Qe4 {[%clk 00:29:36]} {[%emt 00:03:28]} c5 {[%clk 00:45:45]}
{[%emt 00:03:06]} 35. Rde1 {[%clk 00:28:19]} {[%emt 00:01:46]} a4 {[%clk
00:43:47]} {[%emt 00:02:28]} 36. Re3 {[%clk 00:21:40]} {[%emt 00:07:10]} Bg5
{[%clk 00:41:37]} {[%emt 00:02:39]} 37. R3e2 {[%clk 00:18:58]} {[%emt
00:03:12]} Re7 {[%clk 00:41:49]} {[%emt 00:00:18]} 38. Qd3 {[%clk 00:15:39]}
{[%emt 00:03:49]} Rxe2 {[%clk 00:41:38]} {[%emt 00:00:40]} 39. Rxe2 {[%clk
00:12:07]} {[%emt 00:04:03]} a3 {[%clk 00:41:04]} {[%emt 00:01:04]} 40. c3
{[%clk 00:10:44]} {[%emt 00:01:53]} bxc3 {[%clk 00:40:43]} {[%emt 00:00:51]} 41.
Qxc3 {[%clk 00:05:03]} {[%emt 00:06:11]} axb2 {[%clk 00:41:05]} {[%emt
00:00:08]} 42. Qd3 {[%clk 00:05:08]} {[%emt 00:00:26]} Qf7 {[%clk 00:37:17]}
{[%emt 00:04:18]} 43. Rxb2 {[%clk 00:04:56]} {[%emt 00:00:41]} Bf6 {[%clk
00:36:46]} {[%emt 00:01:00]} 44. Rb6 {[%clk 00:03:52]} {[%emt 00:01:35]} Qe6
{[%clk 00:36:25]} {[%emt 00:00:52]} 45. Kc2 {[%clk 00:02:55]} {[%emt 00:01:27]}
Qe1 {[%clk 00:35:33]} {[%emt 00:01:21]} 46. Rb1 {[%clk 00:02:07]} {[%emt
00:01:19]} Qa5 {[%clk 00:35:20]} {[%emt 00:00:42]} 47. a3 {[%clk 00:02:30]}
{[%emt 00:00:08]} Bd4 {[%clk 00:34:33]} {[%emt 00:01:17]} 48. Rb5 {[%clk
00:02:13]} {[%emt 00:00:47]} Qa8 {[%clk 00:34:22]} {[%emt 00:00:41]} 49. f3
{[%clk 00:01:54]} {[%emt 00:00:48]} Qc6 {[%clk 00:33:54]} {[%emt 00:00:58]} 50.
a4 {[%clk 00:01:12]} {[%emt 00:01:13]} Qd7 {[%clk 00:33:40]} {[%emt 00:00:44]}
51. a5 {[%clk 00:00:44]} {[%emt 00:00:59]} Qxh3 {[%clk 00:32:45]} {[%emt
00:01:23]} 52. Bxd6 {[%clk 00:01:08]} {[%emt 00:00:06]} Qg2+ {[%clk 00:32:03]}
{[%emt 00:01:11]} 53. Kd1 {[%clk 00:01:23]} {[%emt 00:00:15]} Re8 {[%clk
00:30:24]} {[%emt 00:02:10]} 54. Rb8 {[%clk 00:01:42]} {[%emt 00:00:12]} Rxb8
{[%clk 00:26:00]} {[%emt 00:04:54]} 55. Bxb8 {[%clk 00:02:11]} Qg1+ {[%clk
00:24:36]} {[%emt 00:01:53]} 56. Kd2 {[%clk 00:01:47]} {[%emt 00:00:53]} Qa1
{[%clk 00:24:32]} {[%emt 00:00:35]} 57. Bc7 {[%clk 00:02:05]} {[%emt 00:00:12]}
Qb2+ {[%clk 00:21:01]} {[%emt 00:04:00]} 58. Qc2 {[%clk 00:01:44]} {[%emt
00:00:51]} Qb7 {[%clk 00:20:59]} {[%emt 00:00:32]} 59. Bb6 {[%clk 00:01:12]}
{[%emt 00:01:02]} Qxf3 {[%clk 00:20:16]} {[%emt 00:01:13]} 60. Qd3 {[%clk
00:01:31]} {[%emt 00:00:11]} Qg2+ {[%clk 00:17:53]} {[%emt 00:02:54]} 61. Qe2
{[%clk 00:01:38]} {[%emt 00:00:23]} Bc3+ {[%clk 00:16:14]} {[%emt 00:02:08]} 62.
Kd3 {[%clk 00:01:38]} {[%emt 00:00:30]} Qh3+ {[%clk 00:12:22]} {[%emt
00:04:22]} 63. Qe3 {[%clk 00:01:55]} {[%emt 00:00:13]} Qf1+ {[%clk 00:07:34]}
{[%emt 00:05:18]} 64. Kxc3 {[%clk 00:02:17]} {[%emt 00:00:09]} Qa1+ {[%clk
00:07:54]} {[%emt 00:00:09]} 65. Kd3 {[%clk 00:02:36]} {[%emt 00:00:11]} Qb1+
{[%clk 00:08:05]} {[%emt 00:00:20]} 66. Kc3 {[%clk 00:02:39]} {[%emt 00:00:26]}
Qa1+ {[%clk 00:08:21]} {[%emt 00:00:14]} 67. Kd2 {[%clk 00:01:44]} {[%emt
00:01:25]} Qa2+ {[%clk 00:07:54]} {[%emt 00:00:57]} 68. Ke1 {[%clk 00:01:48]}
{[%emt 00:00:23]} Qb1+ {[%clk 00:07:59]} {[%emt 00:00:28]} 69. Kf2 {[%clk
00:02:06]} {[%emt 00:00:11]} Qf5+ {[%clk 00:08:17]} {[%emt 00:00:13]} 70. Kg3
{[%clk 00:02:05]} {[%emt 00:00:30]} Qg6+ {[%clk 00:08:37]} {[%emt 00:00:11]} 71.
Kf3 {[%clk 00:02:17]} {[%emt 00:00:18]} Qf5+ {[%clk 00:09:02]} {[%emt
00:00:05]} 72. Kg3 {[%clk 00:01:49]} {[%emt 00:00:58]} Qg6+ {[%clk 00:09:27]}
{[%emt 00:00:06]} 73. Kf4 {[%clk 00:01:56]} {[%emt 00:00:23]} Qg5+ {[%clk
00:09:14]} {[%emt 00:00:43]} 74. Ke4 {[%clk 00:02:17]} {[%emt 00:00:08]} Qg2+
{[%clk 00:09:18]} {[%emt 00:00:25]} 75. Ke5 {[%clk 00:02:30]} {[%emt 00:00:18]}
Qb2+ {[%clk 00:09:06]} {[%emt 00:00:42]} 76. Kd5 {[%clk 00:02:48]} {[%emt
00:00:12]} Qg2+ {[%clk 00:07:19]} {[%emt 00:02:17]} 77. Kxc5 {[%clk 00:03:07]}
{[%emt 00:00:12]} h5 {[%clk 00:07:08]} {[%emt 00:00:40]} 78. Qe8+ {[%clk
00:03:29]} {[%emt 00:00:08]} Kh7 {[%clk 00:07:07]} {[%emt 00:00:32]} 79. Qxh5+
{[%clk 00:03:55]} {[%emt 00:00:04]} Kg8 {[%clk 00:07:33]} {[%emt 00:00:03]} 80.
Qd5+ {[%clk 00:04:17]} {[%emt 00:00:08]} 1-0